Welcome to Marium Abdulla Library

Embrace knowledge with a breath of fresh air.

Browse Collection

Marium Abdulla Library

To what extent has contemporization of traditional crafts of Pakistan been successful in keeping the craft identity intact. (Record no. 13676)

MARC details
000 -LEADER
fixed length control field 00633nam a2200205Ia 4500
001 - CONTROL NUMBER
control field 13690
003 - CONTROL NUMBER IDENTIFIER
control field IVS
005 - DATE AND TIME OF LATEST TRANSACTION
control field 20250626030900.0
008 - FIXED-LENGTH DATA ELEMENTS--GENERAL INFORMATION
fixed length control field 211022s9999 xx 000 0 und d
040 ## - CATALOGING SOURCE
Transcribing agency IVS
082 ## - DEWEY DECIMAL CLASSIFICATION NUMBER
Classification number 746 TOO
100 ## - MAIN ENTRY--PERSONAL NAME
Personal name Tooba Akbar
245 #0 - TITLE STATEMENT
Title To what extent has contemporization of traditional crafts of Pakistan been successful in keeping the craft identity intact.
260 ## - PUBLICATION, DISTRIBUTION, ETC.
Place of publication, distribution, etc. Karachi
260 ## - PUBLICATION, DISTRIBUTION, ETC.
Name of publisher, distributor, etc. Indus Valley School of Art & Architecture
260 ## - PUBLICATION, DISTRIBUTION, ETC.
Date of publication, distribution, etc. 2018
300 ## - PHYSICAL DESCRIPTION
Extent 26
856 ## - ELECTRONIC LOCATION AND ACCESS
Uniform Resource Identifier <a href="https://drive.google.com/file/d/1Hcmo787Sapr--FhaXSaNSuLeCJD7j6GZ/view?usp=sharing">https://drive.google.com/file/d/1Hcmo787Sapr--FhaXSaNSuLeCJD7j6GZ/view?usp=sharing</a>
942 ## - ADDED ENTRY ELEMENTS (KOHA)
Koha item type Dissertation
Suppress in OPAC No
Source of classification or shelving scheme Dewey Decimal Classification
Holdings
Date last seen Total checkouts Full call number Barcode Price effective from Koha item type Lost status Damaged status Not for loan Collection Withdrawn status Home library Current library Shelving location Date acquired Source of acquisition Cost, normal purchase price
10/26/2021   746 TOO 13690 10/26/2021 Dissertation       Textile   Marium Abdulla Library Marium Abdulla Library Dissertation 12/28/2018 Indus Valley School 800.00